| 000 | 01840nam0a2200373 4500 | ||
|---|---|---|---|
| 001 | RU\NLR\bibl\1035184 | ||
| 005 | 20260405124037.0 | ||
| 010 |
_a5-91131-342-1 _bВ пер. _91000 |
||
| 021 |
_aRU _b2006-76662 _93880 |
||
| 035 | _a(nilc)RSL-KNO-002982772 | ||
| 035 | _a(NLR Aleph) 001022621 | ||
| 090 |
_a708200 _c708200 |
||
| 100 | _a20061127d2006 |||y0rusy50 ca | ||
| 101 | 0 | _arus | |
| 102 | _aRU | ||
| 105 | _aa zzzz||||| | ||
| 106 | _ar | ||
| 200 | 1 |
_aПовышение конкурентоспособности макаронных предприятий _eмонография _fМ. Д. Магомедов, Е. И. Зайцева _gИзд.-торговая корпорация "Дашков и К°" |
|
| 210 |
_aМосква _cДашков и К° _d2006 _eЛюберцы (Моск. обл.) _gПИК ВИНИТИ |
||
| 215 |
_a136 с. _cил., табл. _d22 |
||
| 300 | _aВ конце кн. авт.: Магомедов М.Д., д.э.н., проф. | ||
| 320 | _aБиблиогр.: с. 130-135 (81 назв.) | ||
| 606 | 1 |
_aМакаронные фабрики _xКонкурентоспособность _92463239 _3RU\NLR\auth\661463494 |
|
| 610 | 0 | _aЭкономика -- Российская Федерация -- Макаронная промышленность -- Предприятие -- Конкурентоспособность | |
| 686 |
_aУ9(2)306.751.81-82,0 _2rubbk |
||
| 686 | _aУ30(2)675.18-13 | ||
| 700 | 1 |
_aМагомедов _bМ. Д. _gМагомед Даниялович _4070 |
|
| 701 | 1 |
_4070 _7ca _8rus _aЗайцева _bЕ. И. _cэкономист _gЕлена Ивановна _932509 _3RU\NLR\auth\7749574 |
|
| 801 | 0 |
_aRU _bРКП _c20061127 _grcr |
|
| 801 | 1 |
_aRU _bРГБ _c20061127 |
|
| 801 | 2 |
_aRU _bNLR _c20070124 _grcr |
|
| 942 | _cBOOK | ||
| 980 | _aNB | ||